|
|
|
|
| LEADER |
00000nab a2200000 a 4500 |
| 001 |
vtls000745277 |
| 003 |
SK-MaSNL |
| 005 |
20260302192852.0 |
| 008 |
180206c2000 xo 0 slo |
| 015 |
|
|
|a SNBRB2001/01-04063
|
| 035 |
|
|
|a CLN000097111
|
| 040 |
|
|
|a SNKBUCL
|b slo
|c SNKBUCL
|e AACR2
|
| 041 |
0 |
|
|a slo
|
| 044 |
|
|
|a xo
|c SK
|
| 080 |
|
|
|a 639.2.081.4
|2 UDC-MRF-SK2
|
| 080 |
|
|
|a 799.1
|2 UDC-MRF-SK2
|
| 100 |
1 |
|
|a Kubíček, Kamil
|4 aut
|9 889727
|
| 245 |
1 |
0 |
|a Trochu entomológie nikoho "nezabije"-
|b september
|n XX. časť
|c Kamil Kubíček
|
| 300 |
|
|
|b Obr.
|
| 650 |
0 |
7 |
|a muškárenie
|2 snkbucl
|9 14436
|
| 650 |
0 |
7 |
|a mušky umelé
|2 snkbucl
|9 889728
|
| 655 |
|
7 |
|a články z novín a časopisov
|2 snkbucl
|9 267496
|
| 773 |
0 |
|
|x 1335-4086
|t Rybárstvo
|g Roč. 5, č. 8 (2000), s. 8
|
| 850 |
|
|
|a Slovenská národná knižnica v Martine
|
| 852 |
|
|
|a SNK
|b KIS3GCP
|
| 958 |
|
|
|a RBX
|
| 999 |
|
|
|c 1442413
|d 1444343
|